OMS, série de rapports techniques; N.818 Résistance des vecteurs aux pesticides

Gorde:
Xehetasun bibliografikoak
Egile nagusia: OMS
Formatua: Liburua
Hizkuntza:Undetermined
Argitaratua: Genève OMS 1992
Gaiak:
Etiketak: Etiketa erantsi
Etiketarik gabe, Izan zaitez lehena erregistro honi etiketa jartzen!
Thư viện lưu trữ: Trung tâm Học liệu Trường Đại học Cần Thơ
LEADER 00559nam a2200193Ia 4500
001 CTU_6752
008 210402s9999 xx 000 0 und d
082 |a 614 
082 |b O.68f/N.818 
100 |a OMS 
245 0 |a OMS, série de rapports techniques; N.818 
245 0 |b Résistance des vecteurs aux pesticides 
245 0 |c OMS 
260 |a Genève 
260 |b OMS 
260 |c 1992 
650 |a disease vectors,insecticide resistance 
904 |i Nguyễn Quang Điền, 960823 
980 |a Trung tâm Học liệu Trường Đại học Cần Thơ